| 000 | 01015nam a2200229 i 4500 | ||
|---|---|---|---|
| 001 | 169891 | ||
| 003 | ES-MaACL | ||
| 005 | 20250812062544.0 | ||
| 008 | 081216s1960 sp |||| | spa d | ||
| 080 | _a929 Palafox y Mendoza, Juan de | ||
| 100 | 1 |
_aArteaga, Cristina de la Cruz de. _9139084 |
|
| 245 | 1 | 3 |
_aEl obispo Palafox y Mendoza / _cSor Cristina de la Cruz de Arteaga ; [palabras preliminares de la... marquesa de la Eliseda]. |
| 260 |
_aMadrid : _bAteneo, _c1960 ( _fGráf. Benzal) |
||
| 300 |
_a35 p., [2] h. ; _c19 cm. |
||
| 490 | 1 |
_aColección O crece o muere ; _v152 |
|
| 500 | _a"El original de este cuaderno fue dado a conocer por la Excma. Sra. D.ª Teresa de Arteaga, marquesa de la Eliseda, en el Ateneo de Madrid, el día 9 de mayo de 1960" | ||
| 600 | 1 | 4 |
_aPalafox y Mendoza, Juan de, _d1600-1659 _9239354 |
| 610 | 2 | 4 |
_aAteneo de Madrid- _vConferencias- _y1940-1982. _91908 |
| 830 | 1 | 0 |
_aColección "O crece o muere" _v152 _9183476 |
| 852 | 4 |
_aES-MaACL _j2244-F-2 |
|
| 999 |
_c169891 _d169891 |
||